#1 Hits der 2010er-Jahre in Österreich - Statistiken

Allgemein
  • Dieses Quiz wurde 393 mal gespielt
  • Das Durchschnittsergebnis liegt bei 67 aus 149
Antwortstatistiken
# Artist % Korrekt
1 Bushido feat. Samra & Capital Bra
93%
6 Capital Bra
93%
1 Capital Bra feat. Juju
93%
1 Capital Bra feat. Summer Cem & KC Rebell
93%
1 Capital Bra feat. Ufo361
93%
4 Capital Bra & Samra
93%
1 KC Rebell feat. Summer Cem & Capital Bra
93%
2 Ed Sheeran
88%
1 Ed Sheeran & Justin Bieber
88%
2 Lady Gaga
87%
1 Lady Gaga & Bradley Cooper
87%
1 Eminem feat. Ed Sheeran
86%
1 Sido feat. Andreas Bourani
86%
1 Eminem feat. Rihanna
82%
1 Pitbull feat. Ke$ha
82%
1 Helene Fischer
81%
3 Avicii
80%
1 Shakira feat. Freshlyground
80%
1 Ke$ha
79%
2 Rihanna
79%
1 Adele
78%
1 Katy Perry
75%
1 Lil Nas X
74%
1 Andreas Bourani
72%
2 Cro
71%
1 Shawn Mendes & Camila Cabello
69%
1 Bruno Mars
68%
1 Sia feat. Sean Paul
68%
1 Tones and I
68%
1 Major Lazer feat. Justin Bieber & Mø
67%
1 Zayn feat. Sia
67%
1 Justin Bieber
66%
1 Lilly Wood & the Prick and Robin Schulz
66%
1 Pharrell Williams
66%
1 Psy
66%
1 Robin Schulz feat. Francesco Yates
66%
1 Ava Max
65%
1 Bausa
65%
1 Jennifer Lopez feat. Pitbull
65%
1 Will.i.am & Britney Spears
65%
1 Conchita Wurst
62%
1 Luis Fonsi feat. Daddy Yankee
62%
1 Luis Fonsi & Demi Lovato
60%
1 Mariah Carey
60%
2 Alan Walker
59%
1 Robin Thicke feat. T.I. & Pharrell
59%
1 The Script feat. Will.i.am
59%
1 Calvin Harris & Dua Lipa
58%
1 Wiz Khalifa feat. Charlie Puth
58%
1 Adel Tawil
57%
1 Bonez MC & RAF Camora feat. Gzuz
57%
1 KC Rebell feat. RAF Camora
57%
1 Maroon 5 feat. Christina Aguilera
57%
1 Die Ärzte
56%
1 AriBeatz feat. RAF Camora & Sofiane
55%
1 Eno feat. Mero
55%
1 Hozier
55%
1 Katja Krasavice
55%
2 RAF Camora
55%
1 Clean Bandit feat. Sean Paul & Anne-Marie
54%
3 Mero
54%
1 P!nk feat. Nate Ruess
54%
1 Bonez MC & RAF Camora
53%
1 Kay One feat. Pietro Lombardi
53%
1 Lily Allen
53%
1 Passenger
53%
1 Snoop Dogg vs. David Guetta
53%
2 David Guetta feat. Sam Martin
52%
1 Meghan Trainor
52%
1 Taio Cruz feat. Flo Rida
52%
2 Samra
50%
1 Stromae
50%
1 Clean Bandit feat. Demi Lovato
48%
1 Daft Punk feat. Pharrell Williams
48%
1 Loreen
47%
1 Lukas Graham
47%
1 LMFAO feat. Lauren Bennett & GoonRock
46%
2 Pietro Lombardi
46%
1 Pitbull
46%
1 Ellie Goulding
44%
1 Gotye feat. Kimbra
44%
1 Felix Jaehn feat. Jasmine Thompson
43%
1 Clean Bandit feat. Jess Glynne
41%
1 Marshmello & Anne-Marie
41%
1 Omi
41%
1 Rag ’n’ Bone Man
41%
1 Sean Paul
41%
1 George Ezra
40%
1 Seiler und Speer
40%
1 Alicia Keys feat. Nicki Minaj
39%
1 Flo Rida
38%
1 Milky Chance
36%
1 The Black Eyed Peas
36%
1 K’naan
34%
1 James Blunt
31%
1 One Direction
31%
1 Post Malone feat. 21 Savage
31%
1 Beatrice Egli
29%
1 Dynoro & Gigi D’Agostino
29%
1 Shindy
28%
1 Hubert von Goisern
27%
1 James Newton Howard feat. Jennifer Lawrence
26%
1 The BossHoss
26%
1 Axwell Λ Ingrosso
25%
1 Jason Derulo
25%
1 Wanda
25%
1 Disturbed
24%
1 Alexandra Stan
23%
2 Trackshittaz
23%
1 Fun feat. Janelle Monáe
22%
1 Mathea
22%
1 Pizzera & Jaus
22%
1 Lost Frequencies
21%
1 Lost Frequencies feat. Janieck Devy
21%
1 Olly Murs
20%
1 Rudimental feat. Jess Glynne, Macklemore & Dan Caplen
20%
1 Lucenzo feat. Don Omar
19%
1 Michel Teló
19%
1 Aura Dione
18%
1 Duck Sauce
18%
1 Klingande
17%
1 Marlon Roudette
16%
1 Andreas Gabalier
14%
1 El Profesor
14%
1 Mr. Probz
14%
1 Sportfreunde Stiller
14%
1 Pentatonix
13%
1 Tacabro
12%
1 Yolanda Be Cool & DCUP
12%
1 Cesár Sampson
11%
1 Måns Zelmerlöw
11%
1 Imany
10%
1 Luca Hänni
10%
1 Asaf Avidan & the Mojos
9%
1 Mehrzad Marashi
9%
1 Anna Naklab feat. Alle Farben & Younotus
8%
1 Martin Solveig & Dragonette
8%
1 Aneta Sablik
7%
1 Chris Brown
7%
1 Wax
7%
1 Caro Emerald
6%
1 Dennis Lloyd
6%
1 Martin Tungevaag
6%
1 Sak Noel
6%
1 The Avener
5%
1 James Morrison
4%
1 Marco Wagner & Dave Brown
3%
1 Triggerfinger
3%
1 Cornelia Mooswalder
1%
Keine übereinstimmenden Quizze gefunden
Verteilung der Resultate
Anzahl Personen mit jedem Resultat
Perzentil nach korrekt beantworteten Fragen
Ihre Resultats-Entwicklung
Sie haben dieses Quiz noch nicht gespielt